000 00489nam a2200157Ia 4500
999 _c6423
_d6423
003 OSt
005 20200124160131.0
008 190216s9999||||xx |||||||||||||| ||und||
040 _coclc
082 _a658.421
_bVIN/E
100 _aVinod, A
_9643
245 0 _aEntrepreneurial Development And Project Management /
_cA Vinod
260 _bCalicut University Central Co-Operative,
_c2003.
_aKannur:
300 _a416p
942 _cBK
_2ddc
_h658.421
_iVIN/E
_k658.421
_mVIN/E